000 00456nam a2200181Ia 4500
001 20351
005 20260306172800.0
008 260306t2014||||xx |||||||||||||| ||spa||
041 _aESP
082 _a343.2
_bG98
100 _aGuzmán Napuri, Christian
_eAUT
245 0 _aLa constitución política:
_b: un análisis funcional
260 _c2014
300 _a870 páginas :
_c25 cm.
650 _aGEN
654 _aCDE
942 _cLIB
_dJUS
_fJUS
_2ddc
_n
999 _c20351
_d20351